00689nam a2200181Ia 4500952015200000999001700152003000400169005001700173008004100190020001800231040000900249082001900258100003100277245010200308260004400410300000900454942004400463 00102ddc40708SOCIAL SCIENCEaMESbMEScSOCIAL SCIENCEd2019-02-20g395.00l0o306.089 DAN/Cp29759r2019-02-20 00:00:00w2019-02-20yBKzGL41R4 c21059d21059OSt20200616122720.0190216s9999||||xx |||||||||||||| ||und|| a9780195642933 coclc a306.089bDAN/C aDaniel, E Valentine 92975 0aChapters In An Anthropography Of Violence:bSrilankans, Sinhalas And Tamils /cE Valentine Daniel bOxford University Press,aDelhi:c1997: a252p cBK2ddch306.089iDAN/Ck306.089mDAN/C